[Event "Quebec-ch U18"]
[Site "Montreal"]
[Date "2006.03.04"]
[Round "2"]
[White "Horhogea, Vlad"]
[Black "Ye, Ling Feng"]
[Result "0-1"]
[WhiteElo "1248"]
[BlackElo "2021"]
[PlyCount "74"]
[EventDate "2006.03.03"]
[EventType "swiss"]
[EventRounds "5"]
[EventCountry "CAN"]
[SourceTitle "EXT 2007"]
[Source "ChessBase"]
[SourceDate "2006.11.23"]
[SourceVersion "1"]
[SourceVersionDate "2006.11.23"]
[SourceQuality "1"]

1. c4 Nf6 2. Nc3 g6 3. g3 Bg7 4. Bg2 0-0 5. e3 e5 6. Nge2 d6 7. d4 Nbd7 8. 0-0 exd4 9. exd4 Re8 10. Re1 Nf8 11. Nf4 Bg4 12. Rxe8 Qxe8 13. Qd2 c6 14. b3 Bh6 15. h3 Bf5 16. Qe2 Qd8 17. Nd3 Bxc1 18. Rxc1 Qb6 19. d5 Re8 20. Qf3 cxd5 21. Nxd5 Nxd5 22. Qxd5 Re2 23. Nf4 Qxf2+ 24. Kh2 Be4 25. Nxe2 Bxd5 26. cxd5 Qxe2 27. Rc7 Qxa2 28. Rxb7 Kg7 29. Rb8 Nd7 30. Rd8 Ne5 31. h4 Nd3 32. Kh3 Qxb3 33. Rxd6 Nf4+ 34. Kh2 Ne2 35. Rd8 Qxg3+ 36. Kh1 Qxh4+ 37. Bh3 Qxh3# 0-1

[Event "Quebec-ch U18"]
[Site "Montreal"]
[Date "2006.03.03"]
[Round "1"]
[White "Horhogea, Vlad"]
[Black "Rodriguez, Aaron"]
[Result "1-0"]
[WhiteElo "1248"]
[BlackElo "1984"]
[PlyCount "111"]
[EventDate "2006.03.03"]
[EventType "swiss"]
[EventRounds "5"]
[EventCountry "CAN"]
[SourceTitle "EXT 2007"]
[Source "ChessBase"]
[SourceDate "2006.11.23"]
[SourceVersion "1"]
[SourceVersionDate "2006.11.23"]
[SourceQuality "1"]

1. c4 g6 2. Nc3 Bg7 3. g3 Nf6 4. Bg2 d6 5. e3 e5 6. Nge2 0-0 7. 0-0 Nc6 8. h3 Ne7 9. d4 c6 10. dxe5 dxe5 11. Qxd8 Rxd8 12. b3 Be6 13. Ba3 Nf5 14. Rad1 h5 15. Kh1 g5 16. Ng1 a5 17. Nf3 g4 18. hxg4 Nxg4 19. Rxd8+ Rxd8 20. Ne4 a4 21. Nfg5 axb3 22. Nxe6 fxe6 23. axb3 Rd3 24. Nc5 Rd2 25. Kg1 Bf8 26. Bc1 Rxf2 27. Rxf2 Nxf2 28. Nxb7 Nd3 29. Bd2 Nxg3 30. Bxc6 Be7 31. Bb5 Ne4 32. Ba5 Ndc5 33. Nxc5 Bxc5 34. Kg2 Bxe3 35. Kf3 Bd2 36. Kxe4 Bxa5 37. Kxe5 h4 38. Kxe6 h3 39. Bc6 Bb4 40. Kd7 Kf7 41. Bd5+ Kf6 42. Kc6 Ke5 43. Kb5 Bd2 44. b4 Kd6 45. Bh1 h2 46. c5+ Kc7 47. Kc4 Be1 48. b5 Ba5 49. Kb3 Bd2 50. b6+ Kb8 51. Kc4 Be3 52. Kb5 Kc8 53. c6 Bd4 54. Ka6 Be5 55. Ka7 Bd4 56. c7 1-0